| 000 | 00634nam a22001937a 4500 | ||
|---|---|---|---|
| 999 |
_c12062 _d12062 |
||
| 003 | AR-CdUCM | ||
| 008 | 190405b ||||| |||| 00| 0 spa d | ||
| 040 |
_aMUNICIPALIDAD PROVINCIAL DEL CUSCO _cBIBLIOTECA MUNICIPAL DEL CUSCO |
||
| 082 |
_a984 / _bA69 / 1922 |
||
| 100 |
_aArguedas, Alcides _91887 |
||
| 245 |
_aHistoria general de Bolivia : _bEl proceso de la nacionalidad, 1809-1921 / |
||
| 260 |
_aLa Paz : _bArnĂ³ Hermanos, _c1922. |
||
| 300 |
_a579 paginas ; _c22 cm. |
||
| 505 | _aContenido :Historia de Bolivia / | ||
| 650 |
_aBolivia _91138 |
||
| 650 |
_aHistoria _9136 |
||
| 942 |
_2ddc _cLIBROS |
||
| 945 |
_arjall _d2019-04-05 |
||